[Event "OLNN 2324 Schachfreunde HH - Hamburger S"]
[Site "?"]
[Date "2024.04.14"]
[Round "8.8"]
[White "Kluenger, Marc"]
[Black "Fuhrmann, Bahne"]
[Result "1/2-1/2"]
[WhiteElo "2199"]
[BlackElo "2083"]
[PlyCount "83"]
[EventDate "2024.??.??"]

1. e4 e5 2. Nf3 Nc6 3. Nc3 Nf6 4. d4 Bb4 5. Nxe5 Qe7 6. Nxc6 Qxe4+ 7. Qe2 dxc6 8. Bd2 Qxe2+ 9. Bxe2 Bf5 10. O-O-O O-O-O 11. Bg5 Be7 12. Bc4 Bg6 13. Ne2 Rd7 14. Nf4 Nd5 15. Bxe7 Nxf4 16. Bg5 Nxg2 17. Rhg1 h6 18. Bxh6 Rxh6 19. Rxg2 Rd8 20. f4 Rh5 21. Be2 Ra5 22. f5 Bxf5 23. Rxg7 Bg6 24. Bc4 Rh5 25. h3 b5 26. Bxf7 Bxf7 27. Rxf7 Rxh3 28. Re1 Rxd4 29. c3 Rg4 30. Ree7 Rg2 31. Rxc7+ Kb8 32. Rb7+ Kc8 33. Rfc7+ Kd8 34. Rh7 Rxh7 35. Rxh7 a5 36. a4 bxa4 37. Rh5 Kc7 38. Rxa5 Rg4 39. Kb1 Kb6 40. Ra8 Kb5 41. Ka2 Rh4 42. Rb8+ 1/2-1/2

[Event "OLNN 2324 SK Doppelbauer Turm Kiel III -"]
[Site "?"]
[Date "2024.04.14"]
[Round "8.1"]
[White "Olszewski, Michal"]
[Black "Beeck, Mats"]
[Result "1-0"]
[WhiteElo "2514"]
[BlackElo "2244"]
[PlyCount "53"]
[EventDate "2024.??.??"]

1. e4 e5 2. Nf3 Nc6 3. Bb5 a6 4. Ba4 Nf6 5. Qe2 b5 6. Bb3 Bc5 7. c3 d6 8. O-O O-O 9. Rd1 Bb6 10. h3 Re8 11. a4 Bd7 12. axb5 axb5 13. Rxa8 Qxa8 14. Na3 Nd8 15. d3 h6 16. Nh4 d5 17. exd5 e4 18. d4 g5 19. Nxb5 gxh4 20. Bxh6 Qc8 21. Bg5 Nh7 22. Bxh4 Bxh3 23. Rd3 Bf5 24. Rg3+ Bg6 25. d6 Kh8 26. Qe3 Qf5 27. dxc7 1-0

[Event "OLNN 2324 SK Doppelbauer Turm Kiel III -"]
[Site "?"]
[Date "2024.04.14"]
[Round "8.2"]
[White "Pajeken, Wolfgang"]
[Black "Ostrovskiy, Andrey"]
[Result "0-1"]
[WhiteElo "2259"]
[BlackElo "2419"]
[PlyCount "96"]
[EventDate "2024.??.??"]

1. d4 Nf6 2. c4 e6 3. Nc3 Bb4 4. Nf3 b6 5. Bg5 h6 6. Bh4 Bb7 7. e3 g5 8. Bg3 Ne4 9. Qc2 Bxc3+ 10. bxc3 d6 11. Bd3 f5 12. O-O Nd7 13. d5 Qf6 14. Bxe4 fxe4 15. Qxe4 Nc5 16. Qd4 O-O 17. e4 exd5 18. exd5 Ba6 19. Rfe1 Qxd4 20. cxd4 Nd3 21. Re7 Rf7 22. Rxf7 Kxf7 23. Nd2 Re8 24. Kf1 Nb4 25. Rc1 Nxd5 26. a3 Ne7 27. f3 Nf5 28. Bf2 d5 29. g4 Nd6 30. Re1 dxc4 31. Ne4 c3+ 32. Kg2 c2 33. Rc1 Bd3 34. Nc3 Nc4 35. Nd5 Nd2 36. Nb4 Bg6 37. Na2 Nb3 38. Rh1 Re2 39. Nc1 Nxc1 40. Rxc1 Ke6 41. h4 gxh4 42. f4 Be4+ 43. Kf1 Bd3 44. f5+ Kf7 45. Kg2 h3+ 46. Kf3 h2 47. Be3 Rxe3+ 48. Kxe3 Bc4 0-1

[Event "OLNN 2324 SK Doppelbauer Turm Kiel III -"]
[Site "?"]
[Date "2024.04.14"]
[Round "8.3"]
[White "Trent, Lawrence"]
[Black "Junge, Ralph"]
[Result "1/2-1/2"]
[WhiteElo "2418"]
[BlackElo "2249"]
[PlyCount "61"]
[EventDate "2024.??.??"]

1. Nc3 Nf6 2. d4 d5 3. Bf4 Bf5 4. f3 e6 5. g4 Bg6 6. h4 h5 7. g5 Nfd7 8. e4 Bb4 9. exd5 O-O 10. Bd3 exd5 11. Nge2 Re8 12. Bxg6 Bxc3+ 13. bxc3 fxg6 14. Qd3 Nf8 15. O-O Nc6 16. Rab1 Qe7 17. Rf2 Qf7 18. Bd2 b6 19. f4 Ne7 20. f5 gxf5 21. Nf4 Ne6 22. Nxe6 Qxe6 23. Re1 Qd7 24. Qf3 g6 25. Rfe2 Kf7 26. Bf4 Nc6 27. Bxc7 Qxc7 28. Qxd5+ Kf8 29. Re6 Qg3+ 30. Kf1 Qf4+ 31. Kg1 1/2-1/2

[Event "OLNN 2324 SK Doppelbauer Turm Kiel III -"]
[Site "?"]
[Date "2024.04.14"]
[Round "8.4"]
[White "Hebbinghaus, Holger"]
[Black "Meyer, Falko"]
[Result "1/2-1/2"]
[WhiteElo "2184"]
[BlackElo "2226"]
[PlyCount "37"]
[EventDate "2024.??.??"]

1. e4 c6 2. d4 d5 3. exd5 cxd5 4. Bd3 Nc6 5. c3 g6 6. Nf3 Bf5 7. O-O Bxd3 8. Qxd3 Nf6 9. Bf4 Bg7 10. Nbd2 O-O 11. Rfe1 e6 12. h3 a6 13. Nb3 Re8 14. Qe3 Na5 15. Nxa5 Qxa5 16. Bh6 Qc7 17. Bxg7 Kxg7 18. Ne5 Nd7 19. Nd3 1/2-1/2

[Event "OLNN 2324 SK Doppelbauer Turm Kiel III -"]
[Site "?"]
[Date "2024.04.14"]
[Round "8.5"]
[White "Hovhannisyan, Artur"]
[Black "Callsen, Niklas"]
[Result "0-1"]
[WhiteElo "2222"]
[BlackElo "2193"]
[PlyCount "124"]
[EventDate "2024.??.??"]

1. e4 c5 2. Nf3 d6 3. d4 cxd4 4. Nxd4 Nf6 5. f3 e5 6. Nb3 d5 7. Bg5 d4 8. c3 Nc6 9. cxd4 Bb4+ 10. Bd2 Nxe4 11. Bxb4 Qh4+ 12. g3 Nxg3 13. hxg3 Qxh1 14. Bc5 Bh3 15. N1d2 O-O-O 16. Qc2 Kb8 17. O-O-O Bxf1 18. Rxf1 Qh3 19. dxe5 Qxg3 20. f4 h5 21. Ne4 Qh3 22. Qe2 h4 23. Bd6+ Ka8 24. f5 Rhe8 25. Ng5 Qg3 26. Nxf7 Rd7 27. Qc4 Rc8 28. Nc5 Nxe5 29. Qe6 Rxc5+ 30. Bxc5 Nd3+ 31. Kb1 Nxc5 32. Qe8+ Qb8 33. Qe3 Nd3 34. Ng5 a6 35. Rd1 Ne5 36. Re1 Nd3 37. Rd1 Ne5 38. Re1 Nc4 39. Qc5 Nd2+ 40. Ka1 Rc7 41. Qd4 Rc2 42. Qd3 Qc8 43. a3 Rc1+ 44. Rxc1 Qxc1+ 45. Ka2 Qc4+ 46. Qxc4 Nxc4 47. Kb3 Nd6 48. f6 gxf6 49. Nf3 h3 50. Kc3 Kb8 51. Kd4 Kc7 52. Kd5 Kd7 53. b3 b6 54. a4 a5 55. Nh2 Nb7 56. Nf3 Nc5 57. Kc4 Kd6 58. Kb5 Nxb3 59. Kxb6 f5 60. Kb5 Kd5 61. Nh2 f4 62. Nf3 Nd4+ 0-1

[Event "OLNN 2324 SK Doppelbauer Turm Kiel III -"]
[Site "?"]
[Date "2024.04.14"]
[Round "8.6"]
[White "Ghadimi, Mohammed Reza"]
[Black "Zierke, Oliver"]
[Result "1/2-1/2"]
[WhiteElo "2132"]
[BlackElo "2183"]
[PlyCount "51"]
[EventDate "2024.??.??"]

1. d4 d5 2. Bf4 Nf6 3. e3 Bf5 4. c4 e6 5. Nc3 Bd6 6. Bxd6 Qxd6 7. Qb3 Nc6 8. Nf3 dxc4 9. Bxc4 O-O 10. O-O Na5 11. Qa4 Nxc4 12. Qxc4 c6 13. Ne5 Rac8 14. b4 b6 15. Qb3 Ne4 16. Nxe4 Bxe4 17. Nc4 Qd7 18. Ne5 Qe7 19. f3 Bd5 20. Qb2 f6 21. Ng4 c5 22. bxc5 bxc5 23. e4 Bc4 24. Rfc1 cxd4 25. Qxd4 Rfd8 26. Qf2 1/2-1/2

[Event "OLNN 2324 SK Doppelbauer Turm Kiel III -"]
[Site "?"]
[Date "2024.04.14"]
[Round "8.7"]
[White "Michna, Christian"]
[Black "Budzyn, Matthias"]
[Result "1-0"]
[WhiteElo "2201"]
[BlackElo "2047"]
[PlyCount "101"]
[EventDate "2024.??.??"]

1. d4 Nf6 2. Nc3 d5 3. Bf4 c6 4. e3 Bf5 5. f3 e6 6. g4 Bg6 7. h4 h6 8. Bd3 Bxd3 9. Qxd3 Bd6 10. Nge2 Qc7 11. O-O-O Nbd7 12. g5 Nh5 13. Bxd6 Qxd6 14. g6 f5 15. e4 Nf4 16. Qe3 Nxe2+ 17. Nxe2 fxe4 18. fxe4 O-O-O 19. e5 Qe7 20. Qh3 Rhf8 21. Rhf1 Rxf1 22. Rxf1 Rf8 23. Rxf8+ Nxf8 24. Nf4 Kd7 25. a3 c5 26. Nxd5 Qe8 27. h5 cxd4 28. Nf4 Qe7 29. Qb3 Kd8 30. Qc4 Qh4 31. Qxd4+ Ke8 32. Kb1 Qh1+ 33. Ka2 Qc6 34. c4 Nd7 35. Nd3 Qf3 36. Nc5 Nxc5 37. Qxc5 Qc6 38. Qxc6+ bxc6 39. Kb3 Kd7 40. Kb4 Kc7 41. Kc5 Kd7 42. b4 Kc7 43. a4 Kd7 44. b5 cxb5 45. cxb5 Kc7 46. a5 Kd7 47. a6 Kc7 48. b6+ axb6+ 49. Kb5 Kb8 50. Kxb6 Ka8 51. Kc6 1-0

[Event "OLNN 2324 SK Doppelbauer Turm Kiel III -"]
[Site "?"]
[Date "2024.04.14"]
[Round "8.8"]
[White "Wanner, Lukas"]
[Black "Parvanyan, Alfred"]
[Result "1/2-1/2"]
[WhiteElo "2108"]
[BlackElo "2152"]
[PlyCount "178"]
[EventDate "2024.??.??"]

1. c4 e5 2. g3 Nc6 3. Bg2 d6 4. Nc3 f5 5. d3 Nf6 6. e3 Be7 7. Nge2 O-O 8. O-O Be6 9. Rb1 d5 10. d4 exd4 11. exd4 Bf7 12. c5 Ne4 13. b4 Bf6 14. Be3 g5 15. Qd3 Bg6 16. f4 Re8 17. fxg5 Nxc3 18. gxf6 Nxb1 19. Nf4 Nxb4 20. Qxb1 a5 21. Bf2 c6 22. a3 Na6 23. f7+ Kxf7 24. Qxb7+ Qc7 25. Bxd5+ cxd5 26. Qxd5+ Kf6 27. c6 Bf7 28. Qb5 Qd6 29. d5 Re4 30. Qb6 Bxd5 31. Bd4+ Kg5 32. Be3 Kf6 33. Bd4+ Kf7 34. Qb7+ Nc7 35. Nxd5 Qxd5 36. Qxc7+ Re7 37. Qf4 Rc8 38. Qxf5+ Qxf5 39. Rxf5+ Ke6 40. Rxa5 Rxc6 41. Kg2 Rd7 42. Be3 Rd5 43. Ra7 Rc2+ 44. Kf3 Rxh2 45. Bf4 h5 46. Ke4 Re2+ 47. Kf3 Re1 48. Kf2 Rb1 49. Ke3 Rbb5 50. g4 hxg4 51. Rg7 Rh5 52. Ke4 Ra5 53. Rg6+ Kf7 54. Rxg4 Ra4+ 55. Kf3 Rxa3+ 56. Ke4 Rb5 57. Rg1 Ra4+ 58. Kf3 Rf5 59. Rg4 Kf6 60. Rh4 Ke6 61. Rg4 Kd5 62. Rh4 Rb4 63. Kg3 Rb3+ 64. Kg4 Ke4 65. Bg3 Rf8 66. Kh3+ Kf3 67. Rh7 Rg8 68. Rf7+ Ke2 69. Rf2+ Ke3 70. Ra2 Rg7 71. Rc2 Kd4 72. Rd2+ Ke4 73. Rg2 Re3 74. Kh2 Rh7+ 75. Kg1 Rb3 76. Be1 Rb1 77. Kf2 Rh1 78. Bd2 Kd3 79. Bf4 Rh7 80. Kf3 Rf1+ 81. Kg4 Re1 82. Rg3+ Ke4 83. Rg2 Rg7+ 84. Bg5 Ke5 85. Kh5 Rh1+ 86. Kg4 Rh8 87. Re2+ Kd5 88. Rd2+ Ke4 89. Re2+ Kd5 1/2-1/2

[Event "OLNN 2324 TV Fischbek - SC Königssprin"]
[Site "?"]
[Date "2024.04.14"]
[Round "8.1"]
[White "Weber, Max"]
[Black "de Voogt, Juergen"]
[Result "1-0"]
[WhiteElo "2304"]
[BlackElo "2249"]
[PlyCount "189"]
[EventDate "2024.??.??"]

1. Nf3 d6 2. d4 f5 3. c4 g6 4. Nc3 Nf6 5. g3 Bg7 6. Bg2 O-O 7. O-O Nc6 8. d5 Ne5 9. Nxe5 dxe5 10. e4 f4 11. gxf4 Nh5 12. f5 Nf4 13. Bxf4 exf4 14. Bh3 Qd6 15. Qf3 gxf5 16. exf5 Bxf5 17. Rae1 Kh8 18. Kh1 Qh6 19. Bxf5 Rxf5 20. Rg1 Be5 21. Ne4 Raf8 22. Rg2 Bxb2 23. Reg1 Qh5 24. Qxh5 Rxh5 25. Ng5 h6 26. Ne6 f3 27. Rg3 Rf7 28. Rg8+ Kh7 29. Nf8+ Rxf8 30. Rxf8 Be5 31. Rf7+ Kh8 32. Rf8+ Kh7 33. Rf7+ Kh8 34. Re1 Bd6 35. Rxf3 Rxh2+ 36. Kg1 Rh4 37. Rc1 b6 38. Rc2 Kg7 39. Kg2 Rh2+ 40. Kf1 Rh1+ 41. Kg2 Rh2+ 42. Kg1 Rh4 43. Rfc3 h5 44. Re2 Rg4+ 45. Kf1 Kg6 46. f3 Rh4 47. Rg2+ Kf5 48. Ke2 Rh1 49. f4 Ke4 50. f5 Kd4 51. Rc2 Ke4 52. Rc3 Kxf5 53. Re3 Rh4 54. Rf2+ Kg5 55. Rg2+ Rg4 56. Kf3 Kf5 57. Rxg4 hxg4+ 58. Kg2 Bc5 59. Re1 a6 60. a4 a5 61. Kg3 Bd6+ 62. Kg2 Kf6 63. Re4 g3 64. Kf3 Kf7 65. Re1 Ke8 66. Re6 Kd7 67. Rg6 c6 68. Ke4 Kc7 69. Kd4 Bc5+ 70. Ke4 cxd5+ 71. Kxd5 Bf2 72. Rg4 e6+ 73. Kxe6 Kc6 74. Rg5 Be1 75. Rd5 Bb4 76. Rg5 Bd6 77. Kf5 g2 78. Ke4 Be7 79. Rxg2 Kc5 80. Kd3 Kc6 81. Rg6+ Kc5 82. Kc3 Bh4 83. Re6 Bf2 84. Re5+ Kc6 85. Kd3 Bg1 86. Rf5 Bh2 87. Ke4 Bg1 88. Rf1 Bh2 89. Kd4 Kb7 90. Kd5 Bg3 91. Rf7+ Ka6 92. Kc6 Be5 93. Rf8 Ka7 94. Kb5 Bd4 95. Rf7+ 1-0

[Event "OLNN 2324 TV Fischbek - SC Königssprin"]
[Site "?"]
[Date "2024.04.14"]
[Round "8.2"]
[White "Kneip, Jakob"]
[Black "Zimmermann, Julian"]
[Result "1-0"]
[WhiteElo "2169"]
[BlackElo "2268"]
[PlyCount "68"]
[EventDate "2024.??.??"]

1. e4 c5 2. Nc3 Nc6 3. Bb5 Nd4 4. Nf3 Nxb5 5. Nxb5 d6 6. d4 cxd4 7. Qxd4 a6 8. Nc3 e5 9. Qb4 h6 10. Be3 Nf6 11. O-O-O Qc7 12. Bb6 Qe7 13. Rd2 Be6 14. Rhd1 Qd7 15. Nxe5 dxe5 16. Qa5 Be7 17. Rxd7 Nxd7 18. Nd5 Bxd5 19. Rxd5 Rc8 20. Bc7 f6 21. Kd1 Nf8 22. Bd6 Ng6 23. Qb4 b5 24. b3 Bd8 25. Rc5 Ra8 26. Qd2 Bb6 27. Qd5 Bxc5 28. Qxa8+ Kd7 29. Qb7+ Kxd6 30. Qd5+ Kc7 31. Qxc5+ Kb7 32. Qd5+ Kb6 33. Qd6+ Kb7 34. Qd7+ Ka8 1-0

[Event "OLNN 2324 TV Fischbek - SC Königssprin"]
[Site "?"]
[Date "2024.04.14"]
[Round "8.3"]
[White "Schmidt, Jan-Peter"]
[Black "Rolf, Marco"]
[Result "1/2-1/2"]
[WhiteElo "2268"]
[BlackElo "2025"]
[PlyCount "87"]
[EventDate "2024.??.??"]

1. c4 c6 2. Nf3 d5 3. g3 Nf6 4. Bg2 Bf5 5. Qb3 Qb6 6. d3 e6 7. Be3 Qxb3 8. axb3 Nbd7 9. Nc3 Ng4 10. Rxa7 Rb8 11. d4 Nxe3 12. fxe3 Be7 13. Kf2 O-O 14. c5 g5 15. b4 Rfd8 16. Rha1 g4 17. Nd2 Bg5 18. Nb3 e5 19. Na5 exd4 20. exd4 Re8 21. Rxb7 Be3+ 22. Ke1 Bxd4 23. Rxb8 Nxb8 24. Rd1 Bg7 25. Kf2 d4 26. Nxc6 dxc3 27. bxc3 Bxc3 28. b5 Nxc6 29. Bxc6 Rc8 30. e4 Be6 31. Ke3 Be5 32. Rc1 Kf8 33. Bd5 Ke7 34. b6 h5 35. c6 Rb8 36. Bxe6 Rxb6 37. Bd5 Rb8 38. Rf1 f6 39. Rf5 Rh8 40. Rf2 h4 41. Ra2 hxg3 42. Ra7+ Kd6 43. hxg3 Bxg3 44. Rd7+ 1/2-1/2

[Event "OLNN 2324 TV Fischbek - SC Königssprin"]
[Site "?"]
[Date "2024.04.14"]
[Round "8.4"]
[White "Brandt, Carina"]
[Black "Borgmeyer, Max"]
[Result "0-1"]
[WhiteElo "2050"]
[BlackElo "2191"]
[PlyCount "54"]
[EventDate "2024.??.??"]

1. e4 c5 2. Nc3 a6 3. d4 cxd4 4. Qxd4 Nc6 5. Qd2 e6 6. b3 Bb4 7. a3 Ba5 8. b4 Bc7 9. Bb2 Nf6 10. f4 d5 11. e5 Nd7 12. Nf3 b5 13. Nxd5 exd5 14. Qxd5 Bb7 15. O-O-O Qe7 16. Nd4 Nb6 17. Qe4 O-O-O 18. Qf5+ Kb8 19. Be2 Nxd4 20. Bxd4 Qe6 21. Qxe6 fxe6 22. Rhf1 g6 23. g4 Rhf8 24. Bc5 Rxd1+ 25. Kxd1 Rf7 26. Bxb6 Bxb6 27. c4 Bg2 0-1

[Event "OLNN 2324 TV Fischbek - SC Königssprin"]
[Site "?"]
[Date "2024.04.14"]
[Round "8.5"]
[White "Skibbe, Willi"]
[Black "Schneider, Alexander"]
[Result "1-0"]
[WhiteElo "2170"]
[BlackElo "2091"]
[PlyCount "65"]
[EventDate "2024.??.??"]

1. d4 Nf6 2. Nf3 e6 3. e3 c5 4. Bd3 Nc6 5. O-O Be7 6. b3 cxd4 7. exd4 O-O 8. Bb2 d6 9. a3 Rb8 10. c4 a6 11. Nc3 d5 12. Rc1 dxc4 13. bxc4 Qb6 14. Rb1 Qc7 15. Qe2 Rd8 16. Rfd1 Bd6 17. Ne4 Nxe4 18. Qxe4 f5 19. Qe2 Qe7 20. c5 Bf4 21. g3 Bh6 22. Bc4 Bd7 23. Bc3 Re8 24. Rb6 Nd8 25. Re1 Bc6 26. d5 Ba4 27. d6 Qf8 28. Bxa6 f4 29. Bd3 fxg3 30. fxg3 Bc6 31. Ne5 Bg5 32. Rf1 Bf6 33. Qh5 1-0

[Event "OLNN 2324 TV Fischbek - SC Königssprin"]
[Site "?"]
[Date "2024.04.14"]
[Round "8.6"]
[White "Peters, Thomas"]
[Black "Lampe, Joerg"]
[Result "1/2-1/2"]
[WhiteElo "1940"]
[BlackElo "2101"]
[PlyCount "102"]
[EventDate "2024.??.??"]

1. e4 c5 2. Nf3 Nc6 3. Bb5 e6 4. Nc3 Nge7 5. O-O a6 6. Bxc6 Nxc6 7. d4 cxd4 8. Nxd4 d6 9. Be3 Be7 10. Nxc6 bxc6 11. Qh5 O-O 12. Rad1 e5 13. Kh1 Rb8 14. b3 f5 15. f4 fxe4 16. fxe5 d5 17. Rxf8+ Qxf8 18. Kg1 Bc5 19. Qg5 Be7 20. Qg3 Be6 21. Ne2 Qc8 22. Bh6 Bg4 23. h3 gxh6 24. hxg4 Bc5+ 25. Kh1 Qe6 26. Rf1 Rf8 27. Rxf8+ Bxf8 28. Nd4 Qg6 29. Qf4 h5 30. g5 Be7 31. e6 Bxg5 32. Qb8+ Kg7 33. Qc7+ Kf8 34. Qxc6 Qf6 35. Ne2 Be3 36. Qd6+ Kg7 37. Ng1 Qf2 38. Nh3 Qf1+ 39. Kh2 h4 40. Qe7+ Kg6 41. Qxh4 h6 42. Qg3+ Bg5 43. Qe5 Qf6 44. Qxd5 Bf4+ 45. Kg1 Be3+ 46. Kh2 Bf4+ 47. Kh1 Qa1+ 48. Ng1 Qe1 49. e7 Qh4+ 50. Nh3 Qe1+ 51. Ng1 Qh4+ 1/2-1/2

[Event "OLNN 2324 TV Fischbek - SC Königssprin"]
[Site "?"]
[Date "2024.04.14"]
[Round "8.7"]
[White "Langmann, Markus"]
[Black "Serrer, David"]
[Result "1-0"]
[WhiteElo "2069"]
[BlackElo "1928"]
[PlyCount "53"]
[EventDate "2024.??.??"]

1. e4 e5 2. Nf3 Nc6 3. d4 exd4 4. Nxd4 Nf6 5. Nxc6 bxc6 6. e5 Qe7 7. Qe2 Nd5 8. c4 Ba6 9. b3 g6 10. g3 Bg7 11. f4 O-O 12. Nd2 d6 13. Ba3 c5 14. Bg2 Nb4 15. Bxb4 cxb4 16. Bxa8 Rxa8 17. Qe4 Rb8 18. O-O dxe5 19. Rae1 Qc5+ 20. Qe3 Qxe3+ 21. Rxe3 exf4 22. Rd3 fxg3 23. hxg3 Be5 24. Ne4 Bb7 25. Nf6+ Bxf6 26. Rxf6 Re8 27. Rd7 1-0

[Event "OLNN 2324 TV Fischbek - SC Königssprin"]
[Site "?"]
[Date "2024.04.14"]
[Round "8.8"]
[White "Egelriede, Nikolas"]
[Black "Hloskovsky, Andrei"]
[Result "0-1"]
[WhiteElo "1889"]
[BlackElo "2098"]
[PlyCount "42"]
[EventDate "2024.??.??"]

1. e4 Nc6 2. Nf3 e5 3. Nc3 g6 4. d4 exd4 5. Nxd4 Bg7 6. Be3 Nf6 7. f3 d6 8. Qd2 O-O 9. O-O-O Re8 10. g4 Ne5 11. Be2 a6 12. g5 Nh5 13. Rhg1 b5 14. f4 Nc4 15. Bxc4 bxc4 16. f5 c5 17. fxg6 hxg6 18. Nde2 Bb7 19. Qxd6 Qxd6 20. Rxd6 Bxe4 21. Rd7 Bf5 0-1

[Event "OLNN 2324 FC St. Pauli II - Preetzer TS"]
[Site "?"]
[Date "2024.04.14"]
[Round "8.1"]
[White "Moeller, Dustin"]
[Black "Voigt, Martin"]
[Result "0-1"]
[WhiteElo "2188"]
[BlackElo "2323"]
[PlyCount "142"]
[EventDate "2024.??.??"]

1. d4 d5 2. c4 c6 3. Nf3 Nf6 4. e3 Bf5 5. Nc3 e6 6. Nh4 Be4 7. f3 Bg6 8. Bd2 Be7 9. Nxg6 hxg6 10. Qc2 a6 11. O-O-O O-O 12. Kb1 dxc4 13. Bxc4 b5 14. Bd3 Nbd7 15. Bc1 Qb6 16. h4 c5 17. h5 c4 18. Bxg6 b4 19. Ne4 Qb5 20. Nc5 Bxc5 21. dxc5 b3 22. Qc3 Nxc5 23. axb3 cxb3 24. Rh4 Rac8 25. Bd3 Nd5 26. Bxb5 Nxc3+ 27. bxc3 axb5 28. Ba3 Na4 29. Rd3 Rxc3 30. Rxc3 Nxc3+ 31. Kb2 Ra8 32. Kxc3 Rxa3 33. Rg4 b2+ 34. Kxb2 Rxe3 35. Rg5 f6 36. Rxb5 Re2+ 37. Kc3 Rxg2 38. Kd3 Kh7 39. f4 Rg1 40. Ke2 Kh6 41. Kf2 Rh1 42. Rb6 Kxh5 43. Rxe6 Kg4 44. Re7 g6 45. Rf7 Kf5 46. Rf8 Rh4 47. Ke3 Rh3+ 48. Kf2 Rb3 49. Kg2 Rb7 50. Kf3 Ra7 51. Kf2 Re7 52. Kf3 Re1 53. Kf2 Rh1 54. Ke2 Rh4 55. Ke3 Rg4 56. Rf7 Ke6 57. Ra7 Rg3+ 58. Ke4 f5+ 59. Kd4 Rf3 60. Ra6+ Kf7 61. Ra7+ Kf6 62. Ra6+ Kg7 63. Ra7+ Kh6 64. Ke5 Re3+ 65. Kf6 Kh5 66. Rg7 Ra3 67. Ke5 Ra5+ 68. Kd4 Ra6 69. Ke3 Kg4 70. Rg8 Re6+ 71. Kf2 Kxf4 0-1

[Event "OLNN 2324 FC St. Pauli II - Preetzer TS"]
[Site "?"]
[Date "2024.04.14"]
[Round "8.2"]
[White "Trisic, Aleksandar"]
[Black "Schwarz, Frank"]
[Result "1/2-1/2"]
[WhiteElo "2241"]
[BlackElo "2252"]
[PlyCount "42"]
[EventDate "2024.??.??"]

1. e4 c5 2. Nf3 e6 3. d4 cxd4 4. Nxd4 Nc6 5. Nc3 Qc7 6. Be3 a6 7. Qf3 Nf6 8. Nxc6 dxc6 9. O-O-O e5 10. Qg3 Nh5 11. Qg5 Nf4 12. Bxf4 exf4 13. e5 h6 14. Qxf4 Be7 15. Qe4 b5 16. h4 h5 17. Ne2 Be6 18. Nf4 Bxa2 19. Rh3 Rh6 20. Be2 Kf8 21. Qf5 Re8 1/2-1/2

[Event "OLNN 2324 FC St. Pauli II - Preetzer TS"]
[Site "?"]
[Date "2024.04.14"]
[Round "8.3"]
[White "Skaanning-Pedersen, Kim Henrik"]
[Black "Jahncke, Giso"]
[Result "0-1"]
[WhiteElo "2252"]
[BlackElo "2239"]
[PlyCount "118"]
[EventDate "2024.??.??"]

1. e4 c5 2. Nc3 a6 3. g3 g6 4. Bg2 Bg7 5. d3 Nc6 6. Be3 d6 7. Qd2 e6 8. f4 Nge7 9. Nf3 O-O 10. d4 cxd4 11. Nxd4 Nxd4 12. Bxd4 e5 13. Be3 b5 14. O-O b4 15. Nd1 Rb8 16. a3 b3 17. Rc1 Be6 18. cxb3 Rxb3 19. Rc3 exf4 20. Rxb3 Bxb3 21. Bxf4 d5 22. Qb4 Bc4 23. Re1 Nc6 24. Qb7 Na5 25. Qb4 dxe4 26. Bxe4 Re8 27. Bf3 Rxe1+ 28. Qxe1 Nb3 29. Qb4 Nd4 30. Qxc4 Nxf3+ 31. Kf2 Nxh2 32. Nc3 Ng4+ 33. Kg2 Qa8+ 34. Kf1 Qf3+ 35. Ke1 h5 36. Ne4 Bxb2 37. Bd6 Qe3+ 38. Kd1 Qg1+ 39. Kd2 Qg2+ 40. Ke1 Qg1+ 41. Kd2 Qd4+ 42. Qxd4 Bxd4 43. Kd3 Bb6 44. Kc4 Ne3+ 45. Kb4 f5 46. Nc5 Nc2+ 47. Ka4 Nxa3 48. Kxa3 Bxc5+ 49. Bxc5 Kf7 50. Kb4 Ke6 51. Kc4 Ke5 52. Kd3 f4 53. gxf4+ Kxf4 54. Ke2 a5 55. Bd6+ Ke4 56. Be7 a4 57. Kf2 Kd3 58. Ke1 Kc2 59. Ke2 Kb3 0-1

[Event "OLNN 2324 FC St. Pauli II - Preetzer TS"]
[Site "?"]
[Date "2024.04.14"]
[Round "8.4"]
[White "Priebe, Jan"]
[Black "Reinecker, Kai"]
[Result "1/2-1/2"]
[WhiteElo "2235"]
[BlackElo "2199"]
[PlyCount "79"]
[EventDate "2024.??.??"]

1. e4 e5 2. Nf3 Nf6 3. Nxe5 d6 4. Nf3 Nxe4 5. Qe2 Qe7 6. g3 Nc6 7. Bg2 Bg4 8. O-O Ng5 9. Qxe7+ Bxe7 10. Nxg5 Bxg5 11. c3 O-O-O 12. h4 Bh6 13. f3 Be6 14. d4 Bc4 15. Rd1 Bxc1 16. Rxc1 Rhe8 17. Nd2 Bd3 18. Re1 f5 19. Kf2 Rxe1 20. Rxe1 Kd7 21. Bh3 Rf8 22. Re3 Bc2 23. Nc4 Kd8 24. Na3 f4 25. gxf4 Bg6 26. Kg3 Ne7 27. c4 a6 28. d5 Nf5+ 29. Bxf5 Bxf5 30. Rc3 Rf6 31. Nc2 Rg6+ 32. Kf2 Bxc2 33. Rxc2 Rh6 34. Kg3 Rh5 35. a4 c6 36. dxc6 bxc6 37. b4 Kd7 38. a5 g6 39. Rb2 d5 40. Rd2 1/2-1/2

[Event "OLNN 2324 FC St. Pauli II - Preetzer TS"]
[Site "?"]
[Date "2024.04.14"]
[Round "8.5"]
[White "Willsch, Matthias"]
[Black "Breyther, Ruediger"]
[Result "1/2-1/2"]
[WhiteElo "2128"]
[BlackElo "2253"]
[PlyCount "92"]
[EventDate "2024.??.??"]

1. d4 Nf6 2. Nf3 e6 3. e3 b6 4. Bd3 Bb7 5. O-O Be7 6. c4 c5 7. Nc3 O-O 8. d5 exd5 9. cxd5 d6 10. e4 Nbd7 11. h3 a6 12. a4 Ne8 13. Bf4 Bf6 14. Re1 Ne5 15. Bf1 Nxf3+ 16. Qxf3 Be5 17. Be3 Nf6 18. Bg5 Re8 19. Qd3 h6 20. Bd2 Bd4 21. g4 Nd7 22. Qg3 Qf6 23. Kg2 g5 24. f4 Kg7 25. Bd3 gxf4 26. Bxf4 Ne5 27. Rf1 Qg6 28. Rae1 f6 29. Bb1 Bc8 30. Ne2 Bd7 31. Bd2 Rf8 32. Nf4 Qh7 33. Nh5+ Kh8 34. Rxf6 Rxf6 35. Nxf6 Qg7 36. Nh5 Qe7 37. Bxh6 Rg8 38. Rf1 Nxg4 39. hxg4 Rxg4 40. Rf8+ Kh7 41. e5+ Kxh6 42. Rh8+ Kg5 43. Rg8+ Kxh5 44. Rh8+ Kg5 45. Rg8+ Kh5 46. Rh8+ Kg5 1/2-1/2

[Event "OLNN 2324 FC St. Pauli II - Preetzer TS"]
[Site "?"]
[Date "2024.04.14"]
[Round "8.7"]
[White "Kornrumpf, Joachim"]
[Black "Perez De Miguel, Alvaro"]
[Result "0-1"]
[WhiteElo "2033"]
[BlackElo "2265"]
[PlyCount "60"]
[EventDate "2024.??.??"]

1. b3 d5 2. Bb2 Nf6 3. e3 c5 4. Nf3 Nc6 5. c4 d4 6. exd4 cxd4 7. d3 e5 8. g3 Bb4+ 9. Nbd2 Bg4 10. Be2 e4 11. Nxd4 Nxd4 12. Bxg4 Nxg4 13. O-O Nf6 14. Nxe4 O-O 15. a3 Be7 16. b4 Qd7 17. Kg2 Rad8 18. Re1 Rfe8 19. Rc1 a6 20. Bc3 Qc6 21. f3 Nxe4 22. Rxe4 Bf6 23. Bxd4 Rxd4 24. Qc2 Qd7 25. Rce1 Rdxe4 26. Rxe4 Rxe4 27. fxe4 h5 28. a4 h4 29. b5 Qg4 30. Qf2 h3+ 0-1

[Event "OLNN 2324 FC St. Pauli II - Preetzer TS"]
[Site "?"]
[Date "2024.04.14"]
[Round "8.8"]
[White "Reuber, Artur"]
[Black "Dittmann, Hans-Adolf"]
[Result "1/2-1/2"]
[WhiteElo "2111"]
[BlackElo "2022"]
[PlyCount "106"]
[EventDate "2024.??.??"]

1. c4 Nf6 2. g3 e5 3. Bg2 Nc6 4. Nc3 Bb4 5. Nd5 a5 6. a3 Bc5 7. d3 Nxd5 8. cxd5 Ne7 9. Qc2 d6 10. e3 O-O 11. Ne2 Bb6 12. b3 f5 13. O-O Bd7 14. f4 Ng6 15. fxe5 dxe5 16. Kh1 Rc8 17. b4 axb4 18. axb4 c6 19. Qb3 Kh8 20. e4 cxd5 21. exd5 Qc7 22. Ra2 Qd6 23. Nc3 Rc7 24. Na4 Bd4 25. Nc5 Rfc8 26. Bd2 Bxc5 27. bxc5 Rxc5 28. Qxb7 Rb5 29. Ra6 Rxb7 30. Rxd6 Kg8 31. Be3 Rc3 32. Rd1 f4 33. gxf4 Nxf4 34. Be4 Kf7 35. Bxf4 exf4 36. Bxh7 Ke7 37. Rg6 Rb2 38. Rxg7+ Kd6 39. Be4 Rcc2 40. Rh7 Rd2 41. Rxd2 Rxd2 42. Rf7 Bb5 43. Rxf4 Bxd3 44. Bf3 Be2 45. Rf6+ Kd7 46. Bxe2 Rxe2 47. Kg1 Re5 48. h4 Rxd5 49. Kg2 Rd3 50. h5 Ke7 51. Rf4 Rd5 52. Rh4 Kf7 53. h6 Kg8 1/2-1/2

[Event "OLNN 2324 Preetzer TSV - SF Schwerin"]
[Site "?"]
[Date "2024.04.28"]
[Round "9.1"]
[White "Reichmann, Hendrik"]
[Black "Fries-Nielsen, Jens Ove"]
[Result "1-0"]
[WhiteElo "2298"]
[BlackElo "2370"]
[PlyCount "97"]
[EventDate "2024.??.??"]

1. d4 g6 2. e4 c6 3. c4 d6 4. Nc3 Bg7 5. Be3 Nh6 6. h3 f5 7. Qd2 Nf7 8. exf5 gxf5 9. f4 Nd7 10. Nf3 Nf6 11. Qc2 d5 12. Bd3 Nd6 13. c5 Nde4 14. Ne5 Nd7 15. g4 Nxe5 16. fxe5 Qa5 17. Bd2 Nxd2 18. Qxd2 O-O 19. Rf1 e6 20. O-O-O b6 21. gxf5 exf5 22. Rg1 bxc5 23. Rxg7+ Kxg7 24. Rg1+ Kh8 25. Qh6 Rf7 26. e6 Bxe6 27. Qxe6 Qc7 28. dxc5 Raf8 29. Ne2 f4 30. Nd4 f3 31. Nxc6 f2 32. Rf1 Rf6 33. Qe7 Qf4+ 34. Kb1 R8f7 35. Qe5 Qd2 36. Qd4 Rg7 37. Ne5 Rg1 38. Nf3 Rxf1+ 39. Bxf1 Qe1+ 40. Kc2 Kg7 41. Nd2 Qe8 42. Qxd5 Qa4+ 43. Qb3 Qf4 44. Qb7+ Rf7 45. Qe4 Qc7 46. Qd4+ Kf8 47. b4 Ke7 48. Bc4 Rf6 49. Qh4 1-0